Statistics for World Flags Quiz - Hardcore #1

Click here to take the quiz!

General Stats

  • This quiz has been taken 46 times
  • The average score is 3 of 15

Answer Stats

Answer% Correct
Christmas Island
68%
Friesland
33%
Ulster
30%
Nunavut
28%
Sakha Republic
23%
Donetsk oblast
18%
Rondônia
18%
Trieste
15%
Karakalpakstan
10%
Palmyra Atoll
10%
Akita
8%
Magnitogorsk
8%
Míkmaq
8%
Putte
5%
Tilburg
5%

Score Distribution

Percentile by Number Answered

Percent of People with Each Score

Your Score History

You have not taken this quiz